| 000 | 01469nam a2200229Ia 4500 | ||
|---|---|---|---|
| 999 |
_c38323 _d38323 |
||
| 001 | 4333 | ||
| 003 | GE_BSU | ||
| 005 | 20191009113632.0 | ||
| 008 | 181216s1979||||ge |||||||||||||| ||geo|| | ||
| 040 | _cGE_BSU | ||
| 041 | _ageo | ||
| 080 | _a821.353.1–91–1 ქ–27 | ||
| 245 |
_aქართული ხალხური პოეზია : _bტ. 8 : საყოფაცხოვრებო ლექსები / _cტომი შეადგინეს, ვარიანტები და შენიშვნები დაურთეს: ჯ. ბარდაველიძემ, გ. ბარნოვმა, დ. გოგოჭურმა, ე. ვირსალაძემ, ფ. ზანდუკელმა, ვ. მაცაბერიძემ და ა. ცანავამ. |
||
| 264 |
_aთბილისი : _bმეცნიერება, _c1979. |
||
| 300 |
_a541 გვ. ; _b22 სმ. |
||
| 653 | _aქართული ხალხური პოეზია | ||
| 700 |
_aჩიქოვანი, მ. _eრედაქტორი _94644 |
||
| 700 |
_aბარდაველიძე, ჯ. _eშემდგენელი _94646 |
||
| 700 |
_aბარნოვი, გ. სა სხვ. _eშემდგენელი _94647 |
||
| 710 |
_aსაქ. სსრ მეცნ. აკადემია. ქართ. ლიტ-რის ისტორიის ინ-ტი. _94645 |
||
| 942 |
_cBK _2udc |
||